[Event "FIDE Women's World Team Championship"]
[Site "Mardin TUR"]
[Date "2011.12.22"]
[EventDate "2011.12.18"]
[Round "5"]
[Result "0-1"]
[White "Cecile Henriette van der Merwe"]
[Black "Anna Ushenina"]
[WhiteElo "2057"]
[BlackElo "2463"]
[PlyCount "122"]

1. e4 g6 2. d4 Bg7 3. Nc3 c6 4. Be3 Qb6 5. Qd2 Qxb2 6. Rb1 Qa3
7. Bc4 Qa5 8. Nge2 d6 9. O-O Nf6 10. Bh6 O-O 11. Bxg7 Kxg7
12. f4 d5 13. exd5 b5 14. Bd3 Nxd5 15. f5 Nd7 16. Rf3 N7f6
17. Rh3 Nxc3 18. Nxc3 Ng8 19. Re1 Qb4 20. Rh4 Bd7 21. Re3 Rfd8
22. Reh3 Kf8 23. Rf3 Bxf5 24. Bxf5 gxf5 25. Rxf5 Rd6 26. Rxh7
Rf6 27. Rg5 Qc4 28. Ne2 Rd8 29. Rh8 Rg6 30. Rxg6 fxg6 31. Qh6+
Kf7 32. Rh7+ Ke8 33. Qxg6+ Kd7 34. Qf5+ Kc7 35. Qe5+ Kb6
36. Qc5+ Qxc5 37. dxc5+ Kxc5 38. Kf2 Rd2 39. Rg7 Nf6 40. Rxe7
Rxc2 41. Rxa7 Ng4+ 42. Ke1 Nxh2 43. Ra3 Kb6 44. Rh3 Ng4 45. a3
Ra2 46. Rg3 Ne5 47. Nd4 Kc5 48. Nb3+ Kd5 49. Nd2 c5 50. Rb3
Kc6 51. Re3 Nf7 52. g4 c4 53. Rc3 Kd5 54. Kd1 Ne5 55. g5 Ra1+
56. Kc2 Nd3 57. Nb1 Kd4 58. g6 Ra2+ 59. Kd1 Rb2 60. Rc2 Rxb1+
61. Kd2 Rg1 0-1

[Event "FIDE Women's World Team Championship"]
[Site "Mardin TUR"]
[Date "2011.12.24"]
[EventDate "2011.12.18"]
[Round "6"]
[Result "1/2-1/2"]
[White "Anna Ushenina"]
[Black "Nana Dzagnidze"]
[WhiteElo "2463"]
[BlackElo "2516"]
[PlyCount "57"]

1. d4 Nf6 2. c4 e6 3. g3 d5 4. Nf3 dxc4 5. Bg2 Nc6 6. Qa4 Bb4+
7. Bd2 Nd5 8. Qb5 O-O 9. Qxc4 Nb6 10. Qd3 e5 11. Bxb4 Nxb4
12. Qd2 a5 13. a3 Nc6 14. dxe5 Qe7 15. Qc2 Nxe5 16. Nbd2 Nc6
17. e3 a4 18. O-O Be6 19. Rac1 Rfd8 20. Qc5 Qf6 21. Qc3 Qxc3
22. Rxc3 Ra5 23. Re1 Rb5 24. Rc2 Rbd5 25. Bf1 Kf8 26. Rec1 g5
27. h3 h6 28. g4 Ke7 29. Be2 1/2-1/2

[Event "FIDE Women's World Team Championship"]
[Site "Mardin TUR"]
[Date "2011.12.25"]
[EventDate "2011.12.18"]
[Round "7"]
[Result "1-0"]
[White "Elina Danielian"]
[Black "Anna Ushenina"]
[WhiteElo "2497"]
[BlackElo "2463"]
[PlyCount "155"]

1. d4 d5 2. c4 c6 3. Nf3 Nf6 4. e3 Bf5 5. Nc3 e6 6. Nh4 Be4
7. f3 Bg6 8. Qb3 Qb6 9. Nxg6 hxg6 10. g3 Nbd7 11. Kf2 Qc7
12. Kg2 g5 13. Bd2 Be7 14. Be2 dxc4 15. Bxc4 Nb6 16. e4 Qd7
17. Be3 Nxc4 18. Qxc4 g4 19. f4 b5 20. Qd3 b4 21. Nd1 c5
22. Nf2 Rd8 23. Rhd1 Qb7 24. Rac1 O-O 25. Kg1 Rd7 26. Qc2 c4
27. Qxc4 Nxe4 28. Nxg4 Nxg3 29. hxg3 Qf3 30. Qf1 Qxg4 31. Kg2
Rfd8 32. Qf3 Qf5 33. g4 Qa5 34. Rh1 Qd5 35. Qxd5 Rxd5 36. Rc4
g6 37. Kf3 Kg7 38. g5 a5 39. Ke4 Kg8 40. b3 Bf8 41. Rhc1 Be7
42. Rc7 R5d7 43. Rxd7 Rxd7 44. Rc8+ Kg7 45. Rb8 Rd5 46. Kd3 f6
47. Rb7 Kf8 48. gxf6 Bxf6 49. Kc4 Rh5 50. Rb5 Rh3 51. Bd2 Rh2
52. Kd3 Bd8 53. Rb8 Rh3+ 54. Kc2 Ke7 55. f5 Bc7 56. Rb7 Kd7
57. fxg6 Rh2 58. Kd3 Rh3+ 59. Kc4 e5 60. Be1 Rh6 61. Bg3 Kc6
62. Ra7 Kb6 63. Rxc7 Kxc7 64. g7 Rg6 65. Bxe5+ Kc6 66. d5+ Kb6
67. Bd4+ Kc7 68. Be5+ Kb6 69. Kd4 Rg4+ 70. Ke3 Kc5 71. d6 Kc6
72. Kf3 Rg6 73. Ke4 Kd7 74. Kf5 Rg2 75. Kf6 Rf2+ 76. Kg6 Rxa2
77. Bf6 Rg2+ 78. Bg5 1-0

[Event "European Individual Women's Championship"]
[Site "Gaziantep TUR"]
[Date "2012.03.02"]
[EventDate "2012.03.02"]
[Round "1"]
[Result "1-0"]
[White "Anna Ushenina"]
[Black "Narmin Kazimova"]
[WhiteElo "2458"]
[BlackElo "2253"]
[PlyCount "43"]

1. d4 Nf6 2. c4 e6 3. g3 d5 4. Nf3 dxc4 5. Bg2 a6 6. O-O Nc6
7. Nc3 Rb8 8. e4 b5 9. d5 Nb4 10. b3 cxb3 11. Qxb3 exd5
12. exd5 Be7 13. Rd1 a5 14. Nd4 Bd7 15. Nc6 Bxc6 16. dxc6 Qc8
17. a3 a4 18. Qb2 Na6 19. Re1 b4 20. Nd5 Nxd5 21. Qxg7 Rf8
22. Bh6 1-0

[Event "European Individual Women's Championship"]
[Site "Gaziantep TUR"]
[Date "2012.03.04"]
[EventDate "2012.03.02"]
[Round "3"]
[Result "1/2-1/2"]
[White "Anna Ushenina"]
[Black "Meri Arabidze"]
[WhiteElo "2458"]
[BlackElo "2337"]
[PlyCount "111"]

1. d4 Nf6 2. c4 e6 3. g3 d5 4. Nf3 Bb4+ 5. Bd2 Be7 6. Bg2 O-O
7. O-O c6 8. Qc2 b6 9. Rd1 Ba6 10. b3 Nbd7 11. a4 c5 12. Na3
cxd4 13. Nxd4 Bc5 14. Be1 Rc8 15. Qb2 dxc4 16. Nc6 Rxc6
17. Bxc6 Qc7 18. Bg2 cxb3 19. Nb5 Qb8 20. Qxb3 h5 21. Qc4 Bb7
22. Qf4 e5 23. Qg5 Bxg2 24. Kxg2 a6 25. Nc3 Bd4 26. Rac1 Rc8
27. Qf5 h4 28. Ne4 Re8 29. Nxf6+ Nxf6 30. Bc3 Bc5 31. Kg1 Qb7
32. e3 Qc6 33. a5 g6 34. Qh3 Qf3 35. Qg2 Qf5 36. gxh4 Ne4
37. Bb2 bxa5 38. Rc4 Qh5 39. Rcc1 Qxh4 40. Rc4 Qh5 41. Rd5 f5
42. h3 Bb4 43. Rc6 Ng5 44. Kf1 Kh7 45. Rc7+ Kh6 46. Rdd7 Re7
47. Bxe5 Bd6 48. f3 Rxd7 49. Rxd7 Bxe5 50. f4 Bxf4 51. exf4
Ne4 52. Rd8 Kh7 53. Rd7+ Kh6 54. Rd8 Kh7 55. Rd7+ Kh6 56. Rd8
1/2-1/2

[Event "European Individual Women's Championship"]
[Site "Gaziantep TUR"]
[Date "2012.03.06"]
[EventDate "2012.03.02"]
[Round "5"]
[Result "0-1"]
[White "Anna Ushenina"]
[Black "Aleksandra Goryachkina"]
[WhiteElo "2458"]
[BlackElo "2341"]
[PlyCount "108"]

1. d4 d5 2. c4 c6 3. Nf3 Nf6 4. e3 Bg4 5. Qb3 Qb6 6. Nc3 e6
7. Nh4 Be7 8. h3 Bh5 9. g4 g5 10. gxh5 gxh4 11. Qc2 Nxh5
12. Be2 Nf6 13. a3 Nbd7 14. Bd2 Qc7 15. e4 dxe4 16. Nxe4 Nxe4
17. Qxe4 O-O-O 18. O-O-O h6 19. Kb1 Bg5 20. Bc3 Rhe8 21. Qf3
Qf4 22. Qxf4 Bxf4 23. Bh5 Nb6 24. b3 Rd7 25. a4 Red8 26. Bf3
Na8 27. d5 cxd5 28. cxd5 Nc7 29. Bf6 Rf8 30. dxe6 fxe6
31. Rxd7 Kxd7 32. Bg7 Rf7 33. Bb2 Nd5 34. Rd1 Bd6 35. Bg4 h5
36. Bxh5 Rxf2 37. Bd4 Rf8 38. Rg1 b6 39. Rg7+ Be7 40. Be2 Kd8
41. Bg4 Rf4 42. Be5 Re4 43. Bb8 Kc8 44. Rg8+ Kb7 45. Re8 Re1+
46. Kb2 Re3 47. Bh2 a5 48. Rb8+ Kc6 49. Bg1 Bf6+ 50. Kc2 Rg3
51. Rc8+ Kd7 52. Rg8 Ke7 53. Bxb6 Nxb6 54. Rb8 Nd5 0-1

[Event "European Individual Women's Championship"]
[Site "Gaziantep TUR"]
[Date "2012.03.09"]
[EventDate "2012.03.02"]
[Round "7"]
[Result "1/2-1/2"]
[White "Anna Ushenina"]
[Black "Jovana Rapport"]
[WhiteElo "2458"]
[BlackElo "2356"]
[PlyCount "81"]

1. d4 e6 2. c4 Bb4+ 3. Bd2 a5 4. Nf3 Nf6 5. g3 d6 6. Bg2 Nbd7
7. O-O e5 8. Nc3 O-O 9. b3 Re8 10. Qc2 e4 11. Ne1 Qe7 12. a3
Bxc3 13. Bxc3 Nf8 14. d5 h5 15. Qb2 N8h7 16. Nc2 h4 17. Rfe1
Nh5 18. Bd4 Qg5 19. b4 Qg6 20. bxa5 Rxa5 21. Bc3 Ra8 22. Qb5
Re7 23. Bd2 b6 24. a4 Bd7 25. Qb4 Rae8 26. Ra3 Ng5 27. Bxg5
Qxg5 28. e3 Re5 29. Nd4 Bg4 30. a5 bxa5 31. Qd2 hxg3 32. fxg3
Rc8 33. Rea1 Bd7 34. Rxa5 Nf6 35. R5a3 Qh6 36. Rf1 Rh5 37. Bh1
Ng4 38. h4 Re5 39. Rf4 Nf6 40. Rf1 Qg6 41. Qe1 1/2-1/2

[Event "European Individual Women's Championship"]
[Site "Gaziantep TUR"]
[Date "2012.03.10"]
[EventDate "2012.03.02"]
[Round "8"]
[Result "1/2-1/2"]
[White "Gulnar Mammadova"]
[Black "Anna Ushenina"]
[WhiteElo "2324"]
[BlackElo "2458"]
[PlyCount "74"]

1. e4 c5 2. Nf3 Nc6 3. Bb5 e6 4. Bxc6 bxc6 5. b3 Ne7 6. Bb2
Ng6 7. O-O f6 8. d4 cxd4 9. Nxd4 Be7 10. c4 Bb7 11. Nc3 c5
12. Nde2 O-O 13. Qd2 f5 14. f3 Bc6 15. Rad1 fxe4 16. Nxe4 Nh4
17. Qc3 Rf7 18. N2g3 Qf8 19. Ba3 Nf5 20. Nxf5 Rxf5 21. Qe3 a5
22. Ng3 Bg5 23. Qf2 Bh4 24. Qe3 Bxg3 25. hxg3 h5 26. g4 hxg4
27. fxg4 Rxf1+ 28. Rxf1 Qe8 29. Bxc5 Qg6 30. Qf4 Be4 31. Bd6
Bc6 32. Kh2 Qh7+ 33. Kg1 Qg6 34. Kh2 Qh7+ 35. Kg1 Qg6 36. Kh2
Qh7+ 37. Kg1 Qg6 1/2-1/2

[Event "European Individual Women's Championship"]
[Site "Gaziantep TUR"]
[Date "2012.03.11"]
[EventDate "2012.03.02"]
[Round "9"]
[Result "1/2-1/2"]
[White "Anna Ushenina"]
[Black "Jolanta Zawadzka"]
[WhiteElo "2458"]
[BlackElo "2358"]
[PlyCount "92"]

1. d4 Nf6 2. c4 g6 3. Nf3 Bg7 4. g3 d6 5. Bg2 O-O 6. O-O Nc6
7. Nc3 Bg4 8. d5 Na5 9. Nd2 c5 10. Qc2 a6 11. h3 Bd7 12. b3
Rb8 13. Bb2 b5 14. Rab1 Qc7 15. e4 e5 16. Ne2 Nh5 17. f4 f5
18. fxe5 dxe5 19. cxb5 Bxb5 20. Nc4 Nxc4 21. bxc4 Bd7 22. Bc3
Nf6 23. Rxb8 Rxb8 24. exf5 gxf5 25. Qd2 Ne8 26. d6 Qxd6
27. Qxd6 Nxd6 28. Rd1 Rb6 29. Ba5 Ba4 30. Bxb6 Bxd1 31. Bd5+
Nf7 32. Nc3 Bh5 33. Bxc5 Bd1 34. Bb6 Bh5 35. Bc5 e4 36. Bb4
Be5 37. g4 fxg4 38. hxg4 Bxg4 39. Nxe4 Kg7 40. c5 Nd8 41. c6
Ne6 42. Bd6 Bxd6 43. Nxd6 Nc7 44. Be4 Kf6 45. Bxh7 Bf3 46. Be4
Ke5 1/2-1/2

[Event "European Individual Women's Championship"]
[Site "Gaziantep TUR"]
[Date "2012.03.12"]
[EventDate "2012.03.02"]
[Round "10"]
[Result "0-1"]
[White "Sopio Gvetadze"]
[Black "Anna Ushenina"]
[WhiteElo "2334"]
[BlackElo "2458"]
[PlyCount "140"]

1. g3 d5 2. Bg2 Nf6 3. Nf3 g6 4. c4 Bg7 5. cxd5 Nxd5 6. O-O
O-O 7. Nc3 Nb6 8. d3 Nc6 9. Be3 h6 10. Qd2 Kh7 11. Rac1 e5
12. Bc5 Re8 13. Ba3 f5 14. Rfd1 Be6 15. b3 Qf6 16. Bb2 Qf7
17. Qc2 Rad8 18. Qb1 Bf6 19. Nd2 h5 20. Nc4 h4 21. Qa1 Qg7
22. Nb5 Bd5 23. e4 fxe4 24. dxe4 Bxc4 25. Rxd8 Rxd8 26. bxc4
Qf7 27. Nc3 Nd4 28. Kh1 c6 29. Nd1 Nxc4 30. Ne3 Nxb2 31. Qxb2
hxg3 32. fxg3 Bg7 33. Rf1 Qe7 34. h4 b6 35. Kh2 Rf8 36. Rd1
Qc5 37. Kh1 Rf7 38. a4 Qf8 39. Ng4 Qc8 40. Ne3 Qe6 41. h5 Bh6
42. Re1 Bxe3 43. Rxe3 gxh5 44. Kh2 Qf6 45. Qc3 Qf2 46. Rd3 Rg7
47. Rd2 Qf6 48. Rd3 h4 49. gxh4 Qf4+ 50. Kh1 Qf2 51. Rd2 Qe1+
52. Kh2 Ne2 53. Qe3 Qxh4+ 54. Bh3 Nf4 55. Rc2 c5 56. a5 Rd7
57. Rc3 Rd1 58. axb6 axb6 59. Ra3 Qxh3+ 60. Qxh3+ Nxh3
61. Rxh3+ Kg6 62. Rb3 Rd6 63. Kg3 c4 64. Rb5 c3 65. Rb1 c2
66. Rc1 Rc6 67. Kf3 Kf6 68. Ke3 Ke6 69. Kd3 Kd6 70. Kd2 b5 0-1

[Event "European Individual Women's Championship"]
[Site "Gaziantep TUR"]
[Date "2012.03.13"]
[EventDate "2012.03.02"]
[Round "11"]
[Result "1-0"]
[White "Anna Ushenina"]
[Black "Irina Bulmaga"]
[WhiteElo "2458"]
[BlackElo "2307"]
[PlyCount "125"]

1. d4 d5 2. c4 c6 3. Nf3 Nf6 4. e3 a6 5. Bd3 e6 6. b3 Nbd7
7. O-O Bd6 8. Bb2 O-O 9. Nbd2 Qe7 10. e4 dxe4 11. Nxe4 Nxe4
12. Bxe4 Nf6 13. Bc2 Ba3 14. Bc3 Bb4 15. Bxb4 Qxb4 16. a3 Qd6
17. c5 Qc7 18. Re1 b6 19. b4 a5 20. Ne5 axb4 21. axb4 Rxa1
22. Qxa1 Nd5 23. Qb1 g6 24. Be4 Ba6 25. Bxd5 exd5 26. cxb6 Qb7
27. Qc1 Bc4 28. Nxc4 dxc4 29. Qxc4 Qxb6 30. Qc5 Rb8 31. g3
Qxc5 32. bxc5 Rd8 33. Re4 h5 34. h4 Kg7 35. Kg2 Kf6 36. Kf3
Rd7 37. Kf4 Rd8 38. f3 Rd7 39. g4 hxg4 40. fxg4 g5+ 41. hxg5+
Kg6 42. Kf3 Rd8 43. Rf4 Kxg5 44. Rxf7 Rxd4 45. Rg7+ Kf6
46. Rc7 Kg5 47. Ke3 Ra4 48. Rxc6 Kxg4 49. Rd6 Kf5 50. Kd3 Ke5
51. Rd8 Ke6 52. c6 Ra7 53. Kc4 Ke7 54. Rd1 Ra8 55. Kc5 Ra2
56. Kb6 Rb2+ 57. Kc7 Rc2 58. Kb7 Rb2+ 59. Kc8 Rc2 60. c7 Rb2
61. Re1+ Kf7 62. Re4 Rc2 63. Kd7 1-0

[Event "Women's World Rapid Championship"]
[Site "Batumi. Georgia"]
[Date "2012.05.31"]
[EventDate "2012.??.??"]
[Round "1.1"]
[Result "0-1"]
[White "Miranda Mikadze"]
[Black "Anna Ushenina"]
[WhiteElo "2323"]
[BlackElo "2454"]
[PlyCount "98"]

1. e4 c6 2. d4 d5 3. exd5 cxd5 4. c4 dxc4 5. Bxc4 Qc7 6. Bb3
Bg4 7. f3 Bd7 8. Nc3 e6 9. Nge2 Nf6 10. Be3 Nc6 11. O-O Na5
12. Ba4 Be7 13. Rc1 Qd8 14. Qd3 Bxa4 15. Nxa4 O-O 16. Nc5 b6
17. Ne4 Qd7 18. Qa6 Rac8 19. Nc5 Qd8 20. Nb7 Nxb7 21. Qxb7 Qd7
22. Qxd7 Nxd7 23. Nc3 Nf6 24. Nb5 Nd5 25. Nxa7 Rxc1 26. Bxc1
Ra8 27. Nc6 Rxa2 28. Nxe7+ Nxe7 29. Rf2 Ra4 30. Rc2 h6 31. Be3
Kf8 32. Kf2 Ke8 33. Ke2 Kd7 34. Kd3 Nd5 35. Bd2 Ne7 36. Bc3
Ra1 37. Re2 Nd5 38. g3 Rb1 39. Re1 Nxc3 40. Rxb1 Nxb1 41. Kc2
Kd6 42. Kxb1 Kd5 43. Kc2 Kxd4 44. Kb3 Kc5 45. Kc3 e5 46. Kd3
f5 47. h4 Kd5 48. g4 fxg4 49. fxg4 g5 0-1

[Event "Women's World Rapid Championship"]
[Site "Batumi. Georgia"]
[Date "2012.05.31"]
[EventDate "2012.??.??"]
[Round "3.6"]
[Result "1/2-1/2"]
[White "Anna Ushenina"]
[Black "Kateryna Lahno"]
[WhiteElo "2454"]
[BlackElo "2546"]
[PlyCount "52"]

1. d4 Nf6 2. c4 g6 3. Nf3 Bg7 4. g3 O-O 5. Bg2 d6 6. O-O Nc6
7. Nc3 Bf5 8. d5 Na5 9. Nd2 c6 10. b4 Nxd5 11. cxd5 Bxc3
12. e4 Bxe4 13. Nxe4 Bxa1 14. bxa5 Bg7 15. a6 c5 16. axb7 Rb8
17. h4 Qa5 18. Qc2 Rxb7 19. h5 Rfb8 20. hxg6 hxg6 21. Ng5 Qc3
22. Qe4 Qd4 23. Qf3 Bf6 24. Ne4 Bg7 25. Ng5 Bf6 26. Ne4 Bg7
1/2-1/2

[Event "Women's World Rapid Championship"]
[Site "Batumi. Georgia"]
[Date "2012.06.01"]
[EventDate "2012.??.??"]
[Round "4.4"]
[Result "1-0"]
[White "Zhao Xue"]
[Black "Anna Ushenina"]
[WhiteElo "2549"]
[BlackElo "2454"]
[PlyCount "71"]

1. d4 d5 2. c4 dxc4 3. e3 Nf6 4. Bxc4 g6 5. Nc3 Bg7 6. Nge2
O-O 7. O-O Nfd7 8. e4 Nb6 9. Bb3 Nc6 10. Be3 Na5 11. Bc2 Nac4
12. Bc1 e5 13. d5 c6 14. b3 Na5 15. Ba3 Re8 16. Qd2 cxd5
17. exd5 Nc6 18. Bc5 Ne7 19. Rad1 Nf5 20. d6 Bd7 21. Be4 Rb8
22. a4 Bf8 23. Nb5 Bxb5 24. axb5 Qd7 25. Qa5 Nc8 26. Qc7 Qxc7
27. dxc7 Ra8 28. Bxf8 Kxf8 29. Bxb7 Nb6 30. Bxa8 Nxa8 31. Rd7
Ne7 32. Rc1 Nb6 33. Rd8 Nec8 34. Nc3 Ke7 35. Rcd1 f5 36. Nd5+
1-0

[Event "Women's World Rapid Championship"]
[Site "Batumi. Georgia"]
[Date "2012.06.01"]
[EventDate "2012.??.??"]
[Round "6.10"]
[Result "1-0"]
[White "Qi Guo"]
[Black "Anna Ushenina"]
[WhiteElo "2360"]
[BlackElo "2454"]
[PlyCount "133"]

1. d4 d5 2. c4 dxc4 3. Nf3 Nf6 4. e3 g6 5. Bxc4 Bg7 6. O-O O-O
7. Nc3 c5 8. d5 a6 9. a4 Ne8 10. e4 Bg4 11. Be3 Nd7 12. Be2
Nd6 13. Nd2 Bxe2 14. Qxe2 f5 15. exf5 Nxf5 16. Nde4 Nd4
17. Qd1 Qb6 18. b4 Qxb4 19. Rb1 Qc4 20. Rxb7 Nf6 21. Rxe7 Nxe4
22. Nxe4 Qxd5 23. Rxg7+ Kxg7 24. Nxc5 Nf3+ 25. gxf3 Qxd1
26. Rxd1 Rxf3 27. Ne6+ Kg8 28. Nc7 Rc8 29. Nxa6 Rc4 30. a5
Rg4+ 31. Kf1 Ra4 32. Bb6 Rh3 33. Kg2 Rh5 34. Nc7 Rg4+ 35. Kf3
Rb4 36. Nd5 Rb3+ 37. Kg2 Rg5+ 38. Kf1 Ra3 39. Nc7 Rb3 40. a6
Rxb6 41. a7 Ra5 42. Rd8+ Kg7 43. a8=Q Rxa8 44. Rxa8 Rc6
45. Nd5 Rd6 46. Ra7+ Kh6 47. Ne3 Rb6 48. h3 g5 49. Ng4+ Kg6
50. Ne5+ Kf5 51. Ra5 Rb1+ 52. Kg2 Kf6 53. Ng4+ Kg6 54. Ra6+
Kg7 55. Ne3 Rb5 56. Nf1 h5 57. Ng3 g4 58. h4 Re5 59. Ra4 Kg6
60. Re4 Rb5 61. Ne2 Ra5 62. Kg3 Ra3+ 63. Re3 Ra5 64. Nf4+ Kf6
65. Rd3 Rb5 66. Rd5 Rb3+ 67. Kg2 1-0

[Event "Women's World Rapid Championship"]
[Site "Batumi. Georgia"]
[Date "2012.06.02"]
[EventDate "2012.??.??"]
[Round "7.2"]
[Result "0-1"]
[White "Anna Ushenina"]
[Black "Sopio Gvetadze"]
[WhiteElo "2454"]
[BlackElo "2338"]
[PlyCount "110"]

1. d4 Nf6 2. c4 c5 3. d5 e5 4. Nc3 d6 5. e4 g6 6. Bd3 Bg7
7. h3 O-O 8. g4 Na6 9. Nge2 h5 10. f3 Nh7 11. Be3 h4 12. Qd2
Bf6 13. O-O Nc7 14. a3 Bg7 15. f4 exf4 16. Bxf4 Qe7 17. Kg2 a6
18. b4 b6 19. Rab1 Ne8 20. bxc5 bxc5 21. Ng1 Be5 22. Nf3 Bxf4
23. Qxf4 g5 24. Qd2 f6 25. Rb6 Rf7 26. e5 dxe5 27. d6 Qd8
28. Bxh7+ Kxh7 29. Nxg5+ Kg8 30. Nxf7 Qxb6 31. Nh6+ Kg7 32. d7
Qb7+ 33. Nd5 Bxd7 34. g5 f5 35. Nxf5+ Bxf5 36. Rxf5 Nd6
37. Rf2 Nxc4 38. Qd3 Qxd5+ 39. Qxd5 Ne3+ 40. Kf3 Nxd5 41. Ke4
Nf4 42. Rc2 Nxh3 43. Kxe5 Nxg5 44. Kf5 Kh6 45. Kg4 h3 46. Rxc5
Rg8 47. Rc2 Rg6 48. a4 Re6 49. a5 Re4+ 50. Kg3 Kh5 51. Rc6
Re3+ 52. Kh2 Kg4 53. Rc4+ Ne4 54. Rc2 Ng3 55. Rc4+ Re4 0-1

[Event "Women's World Rapid Championship"]
[Site "Batumi. Georgia"]
[Date "2012.06.02"]
[EventDate "2012.??.??"]
[Round "9.4"]
[Result "1/2-1/2"]
[White "Natalia Pogonina"]
[Black "Anna Ushenina"]
[WhiteElo "2447"]
[BlackElo "2454"]
[PlyCount "69"]

1. e4 c6 2. d4 d5 3. e5 Bf5 4. Nf3 e6 5. Be2 Ne7 6. c3 h6
7. O-O Bg6 8. Nbd2 Nf5 9. Nb3 Nd7 10. a4 Be7 11. g4 Nh4
12. Nxh4 Bxh4 13. f4 f5 14. exf6 Bxf6 15. Be3 O-O 16. Nc1 Be7
17. Nd3 Rc8 18. Bf3 Bf7 19. Kh1 Bg6 20. Qd2 Nf6 21. f5 exf5
22. Ne5 Bh7 23. gxf5 Ne4 24. Bxe4 dxe4 25. Bxh6 Bf6 26. Qg2
Rc7 27. Ng4 Bg5 28. f6 Bxf6 29. Bf4 Rd7 30. Nxf6+ Qxf6 31. Be5
Qd8 32. Qh3 Rdf7 33. Rxf7 Rxf7 34. c4 Qd7 35. Qxd7 1/2-1/2

[Event "Turkish Bank Chess League"]
[Site "Konya TUR"]
[Date "2012.07.11"]
[EventDate "2012.07.11"]
[Round "1"]
[Result "1-0"]
[White "Elisabeth Paehtz"]
[Black "Anna Ushenina"]
[WhiteElo "2493"]
[BlackElo "2452"]
[PlyCount "99"]

1. c4 e6 2. g3 Nf6 3. d4 d5 4. Nf3 Bb4+ 5. Bd2 Be7 6. Bg2 O-O
7. O-O c6 8. Qc2 b6 9. Bf4 Bb7 10. Rd1 Nh5 11. Bc1 Nf6 12. Nc3
Nbd7 13. b3 Rc8 14. e4 Nxe4 15. Nxe4 dxe4 16. Qxe4 h6 17. Bf4
Ba8 18. Qe2 Qe8 19. Rd3 Nf6 20. Rad1 Rd8 21. Ne5 Rc8 22. h4
Nd7 23. Ng4 Nf6 24. Ne3 Rd8 25. Be5 Qd7 26. Bh3 Rfe8 27. Kh2
Qb7 28. Bg2 Qc8 29. Bh3 Qb7 30. Qf3 Qa6 31. R3d2 Nd7 32. Bc7
Rc8 33. Bf4 Nf6 34. g4 Nh7 35. Bg3 Rcd8 36. Bf1 Qc8 37. Bd3 c5
38. d5 Bf6 39. g5 hxg5 40. Bxh7+ Kxh7 41. hxg5 Bxg5 42. Qh5+
Bh6 43. Bf4 exd5 44. Bxh6 gxh6 45. Qxf7+ Kh8 46. Qf6+ Kh7
47. Qf7+ Kh8 48. Qf6+ Kh7 49. Nf5 Qc7+ 50. Kh3 1-0

[Event "Turkish Bank Chess League"]
[Site "Konya TUR"]
[Date "2012.07.13"]
[EventDate "2012.07.11"]
[Round "3"]
[Result "1-0"]
[White "Mikhail Gurevich"]
[Black "Anna Ushenina"]
[WhiteElo "2596"]
[BlackElo "2452"]
[PlyCount "95"]

1. c4 Nf6 2. Nc3 g6 3. e4 d6 4. d4 Bg7 5. Nf3 O-O 6. Be2 e5
7. O-O exd4 8. Nxd4 Re8 9. f3 Nc6 10. Be3 Nh5 11. Qd2 Nxd4
12. Bxd4 Nf4 13. Rfd1 Bxd4+ 14. Qxd4 Nxe2+ 15. Nxe2 b6 16. Nc3
Bb7 17. Rac1 Qg5 18. Rc2 Re7 19. b4 Rae8 20. c5 dxc5 21. bxc5
Re5 22. Nb5 bxc5 23. Qd2 Qe7 24. Na3 Ba6 25. Qa5 Qf6 26. Qxc7
Qf4 27. Qa5 Qe3+ 28. Kh1 Bd3 29. Qc3 Bxc2 30. Qxe3 Bxd1
31. Nc4 Rd5 32. Qc3 Rd4 33. h4 Be2 34. Ne3 Rc8 35. h5 Kf8
36. Qb2 Ba6 37. h6 Ke7 38. Kh2 Kd6 39. Nc2 Rd2 40. Qf6+ Kc7
41. Qxa6 Rxc2 42. Qxa7+ Kd8 43. Qxf7 c4 44. Qg8+ Kc7 45. Qxh7+
Kb8 46. Qxg6 Rb2 47. Qd6+ Ka8 48. Qa3+ 1-0

[Event "Turkish Bank Chess League"]
[Site "Konya TUR"]
[Date "2012.07.15"]
[EventDate "2012.07.11"]
[Round "5"]
[Result "1/2-1/2"]
[White "Anna Ushenina"]
[Black "Vugar Rasulov"]
[WhiteElo "2452"]
[BlackElo "2515"]
[PlyCount "34"]

1. d4 Nf6 2. c4 c5 3. d5 b5 4. cxb5 a6 5. bxa6 g6 6. Nc3 Bxa6
7. g3 d6 8. Bg2 Nbd7 9. Nf3 Bg7 10. Rb1 O-O 11. O-O Qa5
12. Bd2 Rfb8 13. Qc2 Nb6 14. b3 Qa3 15. Bc1 Qa5 16. Bd2 Qa3
17. Bc1 Qa5 1/2-1/2

[Event "Turkish Bank Chess League"]
[Site "Konya TUR"]
[Date "2012.07.16"]
[EventDate "2012.07.11"]
[Round "6"]
[Result "1-0"]
[White "Anna Ushenina"]
[Black "Tufan Can Uzuner"]
[WhiteElo "2452"]
[BlackElo "2133"]
[PlyCount "77"]

1. d4 Nf6 2. c4 e6 3. g3 d5 4. Nf3 c6 5. Qc2 Nbd7 6. Bg2 Be7
7. O-O O-O 8. Nbd2 b6 9. e4 dxe4 10. Nxe4 Bb7 11. Rd1 Qc8
12. Nc3 Rd8 13. b3 Bb4 14. Bb2 Bxc3 15. Qxc3 Ne4 16. Qc2 c5
17. d5 exd5 18. cxd5 Nd6 19. Ng5 Nf8 20. h4 Qf5 21. Qc3 Qg6
22. Nh3 Re8 23. Nf4 Nb5 24. Qd2 Qh6 25. a4 Nd6 26. Qc3 Nd7
27. Nh5 Nf5 28. Nf4 Nd6 29. Nh5 Nf5 30. Qf3 g6 31. Qc3 Nd4
32. Rxd4 cxd4 33. Qxd4 Kf8 34. Qh8+ Ke7 35. Re1+ Kd6 36. Rxe8
Rxe8 37. Qxe8 gxh5 38. Ba3+ Nc5 39. Qb8+ 1-0

[Event "Turkish Bank Chess League"]
[Site "Konya TUR"]
[Date "2012.07.18"]
[EventDate "2012.07.11"]
[Round "8"]
[Result "1/2-1/2"]
[White "Anna Ushenina"]
[Black "Sopiko Guramishvili"]
[WhiteElo "2452"]
[BlackElo "2400"]
[PlyCount "73"]

1. d4 f5 2. g3 Nf6 3. Bg2 e6 4. Nf3 d5 5. O-O Bd6 6. c4 O-O
7. Qc2 c6 8. Nc3 Ne4 9. Rb1 a5 10. a3 Qe7 11. b4 axb4 12. axb4
Bxb4 13. Nxe4 dxe4 14. Bg5 Qd7 15. Rxb4 exf3 16. exf3 Qxd4
17. Be7 Re8 18. Rd1 Ra1 19. Rxa1 Qxa1+ 20. Rb1 Qa7 21. Bd6 c5
22. f4 Nc6 23. Bxc6 bxc6 24. Be5 Rd8 25. Qc3 h6 26. Ra1 Qe7
27. Kg2 Kh7 28. Ra5 Rd7 29. Qa3 Bb7 30. Qb2 Qf7 31. Ra7 Bc8
32. Ra8 Bb7 33. Ra3 Qh5 34. Ra7 Rd3 35. Qxb7 Qf3+ 36. Kh3 Qh5+
37. Kg2 1/2-1/2

[Event "Turkish Bank Chess League"]
[Site "Konya TUR"]
[Date "2012.07.18"]
[EventDate "2012.07.11"]
[Round "9"]
[Result "1-0"]
[White "Dragan Solak"]
[Black "Anna Ushenina"]
[WhiteElo "2589"]
[BlackElo "2452"]
[PlyCount "61"]

1. e4 c5 2. Nf3 Nc6 3. d4 cxd4 4. Nxd4 e5 5. Nb5 d6 6. N1c3 a6
7. Na3 Be6 8. Nc4 b5 9. Ne3 Nf6 10. Bd3 Be7 11. a4 b4 12. Ncd5
O-O 13. O-O a5 14. c3 bxc3 15. bxc3 Nb8 16. Ba3 Bxd5 17. exd5
g6 18. Bb5 Qc7 19. Qd3 Nfd7 20. Qc4 Qa7 21. Rab1 Nb6 22. Qd3
Rc8 23. Rb2 N6d7 24. Rfb1 Nc5 25. Qc4 Rc7 26. Qg4 h5 27. Qf3
Nbd7 28. Bc6 Rac8 29. Rb5 Qa6 30. Nc4 Rd8 31. Qe2 1-0

[Event "Turkish Bank Chess League"]
[Site "Konya TUR"]
[Date "2012.07.19"]
[EventDate "2012.07.11"]
[Round "10"]
[Result "1/2-1/2"]
[White "Anna Ushenina"]
[Black "Nikolai Chadaev"]
[WhiteElo "2452"]
[BlackElo "2580"]
[PlyCount "66"]

1. d4 Nf6 2. c4 g6 3. Nc3 Bg7 4. Nf3 O-O 5. Bf4 d6 6. e3 Nc6
7. h3 Nd7 8. d5 Nce5 9. Nd2 Nc5 10. Qc2 c6 11. Be2 Bd7 12. b4
Na6 13. Qb3 Nc7 14. O-O e6 15. dxc6 bxc6 16. Rac1 Qe7 17. Bh2
d5 18. cxd5 cxd5 19. b5 Rfb8 20. Nf3 Qd6 21. Nxe5 Bxe5
22. Bxe5 Qxe5 23. a4 a6 24. Qb4 axb5 25. axb5 Ne8 26. Rb1 Qd6
27. Qd4 Qb6 28. Qxb6 Rxb6 29. Rb3 Nd6 30. Rfb1 Kf8 31. Rb4 Ke7
32. e4 dxe4 33. Nxe4 Nxe4 1/2-1/2